Celebrities Who Support Israel - Statistics

General Stats
  • This quiz has been taken 33 times
    14 since last reset
  • The average score is 5 of 21
Answer Stats
Hint Answer % Correct
Wonder Woman Gal Gadot
100%
Trainwreck Amy Schumer
38%
Halloween Jamie Lee Curtis
38%
Bee Movie Jerry Seinfeld
38%
Borat Sacha Baron Cohen
38%
Will & Grace Debra Messing
31%
Star Wars Mark Hamill
31%
Stranger Things Noah Schnapp
31%
Stranger Things Brett Gelman
23%
School of Rock Jack Black
23%
Big Bang Theory Mayim Bialik
23%
Shake It Up Bella Thorne
15%
Midnight Cowboy Jon Voight
15%
Drake & Josh Josh Peck
15%
The X Factor Sharon Osbourne
15%
Star Trek Chris Pine
8%
Seinfeld Jason Alexander
8%
Wall Street Michael Douglas
8%
The Godfather Part 3 Andy Garcia
0%
Entourage Jeremy Piven
0%
Ray Donovan Liev Schreiber
0%
No matching quizzes found
Score Distribution
Percent of People with Each Score
Percentile by Number Answered
Your Score History
You have not taken this quiz since the last reset